=LDR 00000nam 2200000 4500 =001 INLIS000000000045186 =990 ##$$a 0001/BPAP-NTB/20142014 =990 ##$$a 21400613/BPAP-NTB/20142014 =005 20200513094716 =990 ##$$a 21001502 =990 ##$$a 0001/BPAP-NTB/20142014 =035 ##$$a 0010-011500000000012 =990 ##$$a 21001505 =990 ##$$a 21001502 =008 200513################g##########0#ind## =990 ##$$a 1201000684 =990 ##$$a 21001505 =082 ##$$a 2X4.31 =990 ##$$a 1201000684 =090 ##$$a 2X4.31 Shi =100 1#$$a Shiddiqi, Habib Abdurrahman =245 1#$$a MAnajemen Syahwat : $b Menata Penyaluran nafsu syahwat dalam dimensi sosial dan syari'ah /$c Habib Abdurrahaman Ash-Shiddiqi =260 ##$$a Jombang :$b Lintas Media,$c 2007 =300 ##$$a 223 hlm ; $c 13x21 cm =850 ##$$aNBPNMAT =084 ##$$a 2X4.31 SHI m =250 ##$$a cet.1 =650 #4$$a Manajemen-Islam =990 ##$$a 21001502 =990 ##$$a 21001505 =990 ##$$a 1201000684 =990 ##$$a 0001/BPAP-NTB/20142014 =990 ##$$a 21001502 =990 ##$$a 21001505 =990 ##$$a 1201000684 =990 ##$$a 21400613/BPAP-NTB/20142014 =990 ##$$a 0001/BPAP-NTB/20142014 =990 ##$$a 21001502 =990 ##$$a 21001505 =990 ##$$a 1201000684 =990 ##$$a 21001504 =990 ##$$a 0001/BPAP-NTB/20142014 =990 ##$$a 21001502 =990 ##$$a 21001505 =990 ##$$a 1201000684